Phương pháp tính : Phần bài tập

Tallennettuna:
Bibliografiset tiedot
Päätekijä: Phan, Văn Hạp
Aineistotyyppi: Kirja
Kieli:Undetermined
Julkaistu: Hà Nội Khoa học và Kỹ thuật 1996
Aiheet:
Tagit: Lisää tagi
Ei tageja, Lisää ensimmäinen tagi!
Thư viện lưu trữ: Trung tâm Học liệu Trường Đại học Cần Thơ
LEADER 00544nam a2200181Ia 4500
001 CTU_1466
008 210402s9999 xx 000 0 und d
082 |a 519.4076 
082 |b H109 
100 |a Phan, Văn Hạp 
245 0 |a Phương pháp tính : 
245 0 |b Phần bài tập 
245 0 |c Phan Văn Hạp, Lê Đình Thịnh 
260 |a Hà Nội 
260 |b Khoa học và Kỹ thuật 
260 |c 1996 
650 |a Calculus - problems, exercises 
980 |a Trung tâm Học liệu Trường Đại học Cần Thơ